|
|
|
|
| LEADER |
00000cam a2200000 a 4500 |
| 001 |
vtls001348108 |
| 003 |
SK-MaSNL |
| 005 |
20260301200754.0 |
| 008 |
250414s1998 xo a fr 100 0 eng |
| 015 |
|
|
|a SNBA1999/04-01305
|
| 020 |
|
|
|a 8071005169
|
| 035 |
|
|
|a SNK000301385
|
| 035 |
|
|
|a urn:nbn:sk:snk-amjs64
|
| 035 |
|
|
|a urn:nbn:sk:snk:ar-a0bm1l
|
| 035 |
|
|
|a 96b4d4a8-1ba8-4be4-9367-fe3d6e321903
|
| 040 |
|
|
|a SNK
|b slo
|c SNK
|e AACR2
|
| 041 |
0 |
|
|a eng
|
| 044 |
|
|
|a xo
|c SK
|
| 080 |
|
|
|a 625(082)=20
|2 1981
|
| 111 |
2 |
|
|a Communications on the Edge of the Millenniums
|n (10 :
|d 1998 :
|c Žilina, Slovensko)
|4 aut
|9 291826
|
| 245 |
0 |
0 |
|a Communications on the edge of the millenniums
|b 10th international scientific conference, Žilina 9-11 September 1998 Slovac Republic
|n 1st section
|p Transport constructions
|
| 260 |
|
|
|a Žilina
|b University of Žilina
|c [1998]
|
| 300 |
|
|
|a 416 s.
|b fotogr., sch., tab.
|c 30 cm
|
| 500 |
|
|
|a Obalový názov
|
| 504 |
|
|
|a Bibliogr. odkazy. Res. angl.
|
| 650 |
0 |
7 |
|a dopravné staviteľstvo
|2 SNKPH
|9 83975
|
| 655 |
|
7 |
|a zborníky konferencií
|2 SNKPH
|9 70153
|
| 655 |
|
7 |
|a issue_zb
|2 SNK
|9 276493
|
| 710 |
2 |
|
|a Žilinská univerzita v Žiline
|4 pbl
|9 165741
|
| 852 |
|
|
|a Slovenská národná knižnica
|
| 919 |
|
|
|a 80-7100-516-9
|
| 954 |
|
|
|a odborná, vedecká literatúra pôvodná (slovenská)
|2 lita
|
| 954 |
|
|
|a odborná, vedecká literatúra cudzojazyčná (svetová)
|2 lita
|
| 958 |
|
|
|a OND
|
| 958 |
|
|
|a ART
|
| 958 |
|
|
|a TL
|
| 958 |
|
|
|a NB
|
| 958 |
|
|
|a EUIPO
|
| 999 |
|
|
|c 892001
|d 893931
|
| 952 |
|
|
|t P60, <09>, [BOOK], {629}
|a SNK
|b SNK
|y NEVYP
|7 0
|o snkB 493
|i snk1633/981117
|0 0
|1 0
|4 0
|d 1998-11-16
|l 0
|r 2005-01-02 00:00:00
|w 2026-02-24
|
| 952 |
|
|
|t P60, <03>, [BOOK], {603}
|a SNK
|b SNK
|y PREZ
|7 0
|p 17A0168561
|o snkSB 59531/1
|i snkKSP 10425/98
|0 0
|1 0
|4 0
|d 1998-11-16
|f 1
|l 0
|r 2025-04-08 00:00:00
|w 2026-02-24
|
| 952 |
|
|
|t P60, <04>, [BOOK], {604}
|a SNK
|b SNK
|y VYP
|7 0
|p 17A0168562
|o snkSB 59531/1 D1
|i snkKSP 10426/98
|0 0
|1 0
|4 0
|d 1998-11-16
|l 0
|r 2005-01-02 00:00:00
|w 2026-02-24
|